Ethno-linguistic Cuna dictionary, with indices and references to A critical and comparative Cuna grammar (Etnologiska studier 14) and The grammatical sketch in Cuna chrestomathy (Etnologiska studier 18) / (Record no. 52792)

MARC details
000 -LEADER
fixed length control field 00866cam a2200229 a 4500
001 - CONTROL NUMBER
control field s 58000001
003 - CONTROL NUMBER IDENTIFIER
control field DLC
005 - DATE AND TIME OF LATEST TRANSACTION
control field 20260227111912.0
008 - FIXED-LENGTH DATA ELEMENTS--GENERAL INFORMATION
fixed length control field 821124s1952 sw a d 00010 eng
010 ## - LIBRARY OF CONGRESS CONTROL NUMBER
LC control number s 58000001 //r89
040 ## - CATALOGING SOURCE
Modifying agency OCoLC
050 0# - LIBRARY OF CONGRESS CALL NUMBER
Classification number GN2
Item number .G6 no. 19
Classification number PM3743.Z5
082 0# - DEWEY DECIMAL CLASSIFICATION NUMBER
Classification number 306 s
-- 498/.2
Edition number 19
100 10 - MAIN ENTRY--PERSONAL NAME
Personal name Holmer, Nils Magnus,
Dates associated with a name 1904-
245 10 - TITLE STATEMENT
Title Ethno-linguistic Cuna dictionary, with indices and references to A critical and comparative Cuna grammar (Etnologiska studier 14) and The grammatical sketch in Cuna chrestomathy (Etnologiska studier 18) /
Statement of responsibility, etc. by Nils M. Holmer.
260 0# - PUBLICATION, DISTRIBUTION, ETC.
Place of publication, distribution, etc. Göteborg :
Name of publisher, distributor, etc. Etnografiska Museet,
Date of publication, distribution, etc. 1952.
300 ## - PHYSICAL DESCRIPTION
Extent 193 p. :
Other physical details ill. ;
Dimensions 24 cm.
490 1# - SERIES STATEMENT
Series statement Etnologiska studier ;
Volume/sequential designation 19
650 #0 - SUBJECT ADDED ENTRY--TOPICAL TERM
Topical term or geographic name entry element Cuna language
General subdivision Dictionaries
-- English.
650 #0 - SUBJECT ADDED ENTRY--TOPICAL TERM
Topical term or geographic name entry element Cuna Indians.
830 #0 - SERIES ADDED ENTRY--UNIFORM TITLE
Uniform title Etnologiska studier ;
Volume/sequential designation v. 19.

No items available.

Powered by Koha